00743nam a2200217 i 450000100060000000300090000600500170001500700030003200800410003510000410007624500730011725000120019026000320020230000300023449000300026465000320029483000380032685200220036499900170038695201220040374630ES-MaACL20230906172209.0t|040920s1965 sp a |||| | spa d1 aGonzález Romero, Francisco.95893010aProyecto y cálculo de muelles / cpor Francisco González Romero. a1ª ed. aBarcelona : bCeac, c1965. a195 p. : bil. ; c22 cm.1 aColección de mecánica 4aMuelles (Mecanismo)91656750 aColección de mecánica9231222 aES-MaACLjC-28107 c74630d74630 00104070aATENEOMbATENEOMcDEPO2d2008-01-17eSCl0oC-28107p1078122r2023-02-23 00:00:00w2023-02-23yMONOGRAFIA